Wszystkie piosenki - SB Maffija - Statystyki

Ogólne statystyki
  • Ten quiz został rozwiązany 205 razy
    113 od ostatniego zresetowania
  • Średni wynik to 23 z 154
Statystyki odpowiedzi
Hint Odpowiedź % Poprawnych
Maffija jest na zawsze Mixtape G (Bedoes x Lanek)
82%
Hotel Maffija 2 Lawenda
75%
Hotel Maffija 2 Parapetówa
67%
Hotel Maffija Hotel Maffija
60%
Hotel Maffija 2 Agrest i bez (feat. flexxy2115, Kuqe 2115 & BLACHA)
55%
Hotel Maffija 2 Za karę
51%
Hotel Maffija A nie pamiętasz jak?
49%
Hotel Maffija 2 (3000000 Deluxe) Proste fakty (feat. flexxy 2115, Kuqe 2115 & BLACHA)
48%
Hotel Maffija 2 co to za bluza lanek?
47%
Hotel Maffija 2 Droga Pani (feat. Nypel)
46%
Hotel Maffija 2 Zielona szkoła (feat. Nypel)
46%
Hotel Maffija 2 Doba Hotelowa (feat. flexxy2115, Kuqe 2115 & BLACHA)
42%
Hotel Maffija 2 Bania u Solara
37%
Hotel Maffija Nie ma raju bez węża
37%
Hotel Maffija 2 Prometazyna
37%
Hotel Maffija Dla sióstr
36%
Hotel Maffija 2 Do zobaczenia
36%
Hotel Maffija 2 Śniadanie w hotelu
36%
Hotel Maffija 2 Łyk i buch (feat. GOMBAO 33)
35%
Hotel Maffija 2 Pancerz
35%
Hotel Maffija Zimna noc i szybkie auta
35%
Hotel Maffija 2 Postanowienia noworoczne
34%
Hotel Maffija 2 WROOBEL DAJ TO GŁOŚNIEJ
34%
Hotel Maffija 2 Chodzę po Luwrze
33%
Hotel Maffija 2 (3000000 Deluxe) TESTOSTERONOWY DON (feat. KęKę & Marian Lichtman)
33%
Hotel Maffija Przepis na dzień dobry
31%
Hotel Maffija 2 Wiatr wielkich zmian
31%
Hotel Maffija Znowu razem
31%
Znowu Razem Mixtape Znowu Razem (NOBOCOTODLAWAS REMIX)
31%
Hotel Maffija 2 (3000000 Deluxe) 2kcal (feat. Nypel)
30%
Hotel Maffija 2 Baśnie braci Kacperczyk
29%
Totalnie Nic Mixtape Białas (Remix) (Solar)
29%
Hotel Maffija 2 Szansa na sukces (feat. Nypel & Nowciax)
29%
Hotel Maffija Biorę się w garść
28%
Maffija jest na zawsze Mixtape Co Ty na to? (Beteo x Białas x Mata x Adi Nowak x White 2115)
28%
Hotel Maffija Lasy
27%
Totalnie Nic Mixtape California (White 2115)
25%
Gonimy sny z ulicy Mixtape Zabija #3 / Twerk (Białas x Koldi x Solar x TomB x Wac Toja)
25%
Znowu Razem Mixtape Shakira (Palar x White 2115)
22%
Hotel Maffija (Deluxe) Kapuśniak
20%
Hotel Maffija (Deluxe) Nobocotel
20%
Znowu Razem Mixtape Nobocotel (deluxe)
20%
#Hot16Challenge2 Bedoes - #hot16Challenge2
19%
#Hot16Challenge2 Mata - #Hot16Challenge2
19%
Hotel Maffija LTTN
19%
#Hot16Challenge2 White 2115 - #Hot16Challenge2
18%
Hotel Maffija (Deluxe) Dzieci we mgle
18%
Hotel Maffija (Deluxe) Skaczę w tłum (feat. Żabson)
18%
#Hot16Challenge2 Solar - #Hot16Challenge2
18%
#Hot16Challenge2 Białas - #hot16challenge2 #MUREMZABONUSEM
17%
#Hot16Challenge2 Lanek - #Hot16Challenge2
17%
Totalnie Nic Mixtape Eldorado (Deemz x Bedoes x PlanBe)
17%
Hotel Maffija 2 (3000000 Deluxe) Mała chmurka (feat. Kuqe 2115)
17%
#Hot16Challenge2 Janusz Walczuk - #hot16challenge2
16%
#Hot16Challenge2 Beteo - #hot16challenge2
14%
#Hot16Challenge2 Kacperczyk - #hot16challenge2
14%
Hotel Maffija (Deluxe) Dziś się nie wkurwię
14%
Totalnie Nic Mixtape Gustaw (Bedoes)
14%
Hotel Maffija 2 (3000000 Deluxe) Kiedyś to będzie (feat. Lazy The Loser)
14%
Gonimy sny z ulicy Mixtape Zabija #4 / Halo ziom! (ReTo x Wac Toja)
14%
#Hot16Challenge2 Adi Nowak - #hot16challenge2
13%
#Hot16Challenge2 Jan-Rapowanie - #Hot16Challenge2
13%
Maffija jest na zawsze Mixtape Gubię kroki (White 2115)
13%
Znowu Razem Mixtape Owoce 3 (Fukaj)
13%
Znowu Razem Mixtape Livin Proof (White 2115 x Beteo x Białas x Janusz Walczuk x Solar)
12%
Totalnie Nic Mixtape Ściernisko (Remix) (Golec uOrkiestra x Deemz)
12%
Totalnie Nic Mixtape Wybory (Jan-Rapowanie x Nocny x Guzior x Szpaku)
12%
Maffija jest na zawsze Mixtape Brum brum (Mata)
11%
Totalnie Nic Mixtape Gucci Mane (Deemz x Bedoes x Young Multi)
11%
#Hot16Challenge2 Moli - #hot16challenge2
11%
Znowu Razem Mixtape City Boy (@atutowy remix) (Bedoes x Lanek)
10%
Maffija jest na zawsze Mixtape Jan Szpakowanie 3 (Jan-Rapowanie x Szpaku x Dj Serio?)
10%
Totalnie Nic Mixtape Mula (Bedoes x BLACHA)
10%
Maffija jest na zawsze Mixtape Sam sobie jadę (ADM x White 2115 x Białas x Mata x Beteo)
10%
Totalnie Nic Mixtape xD (Solar x Eripe)
10%
Totalnie Nic Mixtape Ghetto Flex (Białas x Lanek)
8%
Znowu Razem Mixtape Tatuaże z Chipsów (Moli)
8%
Gonimy sny z ulicy Mixtape Zabija #1 / Słuch Absolutny (ADM x Beteo x Białas x Neile x Solar x TomB)
8%
Totalnie Nic Mixtape Intercontinental Bajers (Mikser Blend) (Solar x Białas)
7%
Totalnie Nic Mixtape Street Food (Płochu x Białas x Moli)
7%
Znowu Razem Mixtape Tańczymy Rak'N'Roll (Białas)
7%
Gonimy sny z ulicy Mixtape Zabija #2 (ADM x Beteo x Białas x Danny x Solar x TomB)
7%
#Hot16Challenge2 ADM - #hot16challenge2
6%
Totalnie Nic Mixtape Aquapark (Beteo x Żabson)
6%
Maffija jest na zawsze Mixtape Boarding 2019 (Solar)
6%
#Hot16Challenge2 DJ Johny - #Hot16Challenge2
6%
Znowu Razem Mixtape Nie mogę (ADM)
6%
Znowu Razem Mixtape Znowu wieje wiatr (White 2115 x Jan-Rapowanie x Solar x Lanek)
6%
Maffija jest na zawsze Mixtape Zobacz o co chodzi (ADM x Białas)
6%
SB Maffija 2012-2016 Freestyle (TomB)
5%
Totalnie Nic Mixtape god mode (Solar x Beteo)
5%
Maffija jest na zawsze Mixtape Jeans (Beteo)
5%
Znowu Razem Mixtape Kitowcy (Adi Nowak)
5%
Maffija jest na zawsze Mixtape młody boguś (Deys)
5%
Totalnie Nic Mixtape Neuron (Remix) (Solar x Białas)
5%
Totalnie Nic Mixtape Rodeo (Bonus RPK x Białas)
5%
Totalnie Nic Mixtape Sweetie (Wiatr x Solar)
5%
#Hot16Challenge2 Tata Maty - #hot16challenge2
5%
#Hot16Challenge2 Dobry Piotrek - #hot16challenge2
4%
Znowu Razem Mixtape LBN WNW (Kacperczyk x Gverilla)
4%
Znowu Razem Mixtape Mam Na Twarzy Krew I Tym Razem Nie Jest Sztuczna (Chivas x White 2115)
4%
Gonimy sny z ulicy Mixtape Nie próbuj mnie zmieniać (Białas x Blejk)
4%
Maffija jest na zawsze Mixtape Punchback (ADM)
4%
Znowu Razem Mixtape Szary Blokk (Janusz Walczuk)
4%
Maffija jest na zawsze Mixtape Wolny elektron (Adi Nowak)
4%
Gonimy sny z ulicy Mixtape Cały skład się śmieje (Żabson x Białas x Neile x Solar x TomB x Wac Toja)
2%
SB Maffija 2012-2016 Czuć luz (ADM x Białas x Quebonafide)
2%
Maffija jest na zawsze Mixtape Lotto (Kacperczyk)
2%
Gonimy sny z ulicy Mixtape Najebany to do domu (Białas x Bonson x Solar x TomB)
2%
Totalnie Nic Mixtape Robinson Cruzoe (Bedoes)
2%
Gonimy sny z ulicy Mixtape Rytm Nocy (Białas x Solar x TomB)
2%
Gonimy sny z ulicy Mixtape Szmaty (Białas x Guzior x Solar x TomB x Wac Toja)
2%
Maffija jest na zawsze Mixtape Update (Moli)
2%
Gonimy sny z ulicy Mixtape Widzisz mnie (ADM x Białas x Blejk x Neile x Solar x TomB)
2%
Znowu Razem Mixtape Zobacz jak (Pokora x Beteo)
2%
SB Maffija 2012-2016 Aaa bzdura (Aspiratio Crew DISS) (Białas x Solar x TomB)
1%
SB Maffija 2012-2016 Amen (Bedoes x Białas)
1%
Gonimy sny z ulicy Mixtape Dobrze nam się wiezie (Białas x Solar x TomB)
1%
Gościnnie na kanale SB Maffija Egosystem (Trzy-Sześć)
1%
Gościnnie na kanale SB Maffija Emily Rose (Wiatr x TomB)
1%
Gonimy sny z ulicy Mixtape Grind 2016 (Bedoes x Koldi)
1%
SB Maffija 2012-2016 Hajsenberg (White 2115 x Solar)
1%
Znowu Razem Mixtape #Hot16Challenge2 FINAŁ AKCJI (Solar x Białas)
1%
SB Maffija 2012-2016 Inni niż inni (Solar x TomB)
1%
Znowu Razem Mixtape I Took A Pill In Remiza (Deemz x GOMBAO 33)
1%
Gościnnie na kanale SB Maffija Jestem singlem (Qmos x ADM)
1%
SB Maffija 2012-2016 Jim Morrison (Hary x AdMa)
1%
Gościnnie na kanale SB Maffija Katatonia (Lazy x Tofik)
1%
SB Maffija 2012-2016 Klisze (Hary x Emen x Quebonafide)
1%
SB Maffija 2012-2016 LAIG TY KURWIAKU Z GRZYWO (Laiklke1 diss) (Solar)
1%
SB Maffija 2012-2016 Licznik Geigera (Janusz Walczuk x Białas x Solar)
1%
SB Maffija 2012-2016 Moje 8 mil (Hary x Funk Monster x Solar)
1%
SB Maffija 2012-2016 NaNaNa (Remix) (Koldi)
1%
Gościnnie na kanale SB Maffija Nie widzę przeszkód (Freezy Frost)
1%
SB Maffija 2012-2016 Open Bar (Quebonafide x Białas x TomB)
1%
SB Maffija 2012-2016 Pancze so jak kogz (Koldi x TomB)
1%
Gościnnie na kanale SB Maffija Pan Śmierć (Kartky)
1%
SB Maffija 2012-2016 Pijmy wino za kolegów (Quebonafide x Cywinsky x K-Leah)
1%
Gościnnie na kanale SB Maffija Pray4Paris (ZET x Amy)
1%
SB Maffija 2012-2016 Rap Analytics.fm (Deys Diss) (Białas x Solar x TomB)
1%
Gościnnie na kanale SB Maffija Revelation (Kartky)
1%
SB Maffija 2012-2016 Roast Dawida Czerwiaka (Deys Diss) (ADM x Białas x Lanek x Solar x TomB)
1%
Gościnnie na kanale SB Maffija Sensual Club (White 2115)
1%
SB Maffija 2012-2016 SQUAD (Białas x Solar x TomB)
1%
Gościnnie na kanale SB Maffija Sumienie (Kartky)
1%
Gościnnie na kanale SB Maffija Ultimatum (Trzy-Sześć)
1%
SB Maffija 2012-2016 Umarł krul niech żyje król (Laiklke1 diss) (Solar)
1%
Totalnie Nic Mixtape Walter Mittyy (Moli)
1%
Gościnnie na kanale SB Maffija W moim typie (Smolasty x Białas)
1%
SB Maffija 2012-2016 Zagubiona Autostrada (Bonson)
1%
SB Maffija 2012-2016 Za trzy (Hary x Białas)
1%
SB Maffija 2012-2016 Żyję Tym (Blejk)
1%
SB Maffija 2012-2016 Scjentologia freestyle (TomB)
0%
SB Maffija 2012-2016 To jest skurwysyńsko stylowe (Białas x Blejk)
0%
Nie znaleziono quizów pasujących do podanych kryteriów
Rozkład punktacji
Procent ludzi z każdym wynikiem
Percentyl według liczby udzielonych odpowiedzi
Twoja historia wyników
Nie rozwiązałeś tego quizu od ostatniego zresetowania